000 00326 a2200109 4500
001 ART_27830
005 20260410161950.0
008 260409a
245 1 0 _aBreve introducción al pensamiento de Karl-Otto Apel
100 1 _aTrapani, Daniel A.
773 0 _tInvenio
_g- Año 4, Nº 6 (jun. 2001)
_wREV27781
999 _c30263
_d30263